=LDR 00000nam 2200000 4500 =001 INLIS000000000020356 =005 20130612115319 =008 ***********************************ind** =035 ##$$a0010-061300000020356 =041 ##$$a ind =082 ##$$a 657.47 =090 ##$$a 657.47, Nai a =100 ##$$a Nainggolan, Pohola =245 ##$$a Akuntansi keuangan yayasan, dan lembaga nirlaba sejenis, Pohola Nainggolan =260 ##$$a 2005 $b Jakarta =300 ##$$a x, 228 hlm, 21 cm =650 ##$$a Akuntansi Keuangan =850 ##$$a NBPNMAT =990 ##$$a 91054/BPAP-NTB/2014 =990 ##$$a 21196503/BPAP-NTB/2014 =990 ##$$a 1224112241 =990 ##$$a 01201712241 =990 ##$$a 91054/BPAP-NTB/2014 =990 ##$$a 21196503/BPAP-NTB/2014 =990 ##$$a 01201712241 =990 ##$$a 91054/BPAP-NTB/2014 =990 ##$$a 21196503/BPAP-NTB/2014 =990 ##$$a 54825482 =990 ##$$a 01201805482 =990 ##$$a 91054/BPAP-NTB/2014 =990 ##$$a 21196503/BPAP-NTB/2014 =990 ##$$a 01201712241 =990 ##$$a 70077007 =990 ##$$a 01201807007 =990 ##$$a 91054/BPAP-NTB/2014 =990 ##$$a 21196503/BPAP-NTB/2014 =990 ##$$a 01201712241 =990 ##$$a 01201805482 =990 ##$$a 73467346 =990 ##$$a 91054/BPAP-NTB/2014 =990 ##$$a 21196503/BPAP-NTB/2014 =990 ##$$a 01201712241 =990 ##$$a 01201805482 =990 ##$$a 01201807007 =990 ##$$a 01201436246 =990 ##$$a 01201436246 =990 ##$$a 91054/BPAP-NTB/2014 =990 ##$$a 21196503/BPAP-NTB/2014 =990 ##$$a 01201712241 =990 ##$$a 01201805482 =990 ##$$a 01201807007 =990 ##$$a 20703436 =990 ##$$a 91054/BPAP-NTB/2014 =990 ##$$a 21196503/BPAP-NTB/2014 =990 ##$$a 01201712241 =990 ##$$a 01201805482 =990 ##$$a 01201807007 =990 ##$$a 20703436 =990 ##$$a 91054/BPAP-NTB/2014 =990 ##$$a 21196503/BPAP-NTB/2014 =990 ##$$a 01201712241 =990 ##$$a 01201805482 =990 ##$$a 01201807007